Integrace devizových trhů vybraných nových členských zemí Evropské unie

Obsahové vymedzenie devízového trhu (foreign exchange market). Identifikácia oblastí možných rizík ohrazujúcich stabilitu finančného sektora. Vývoj menových kurzov. Analýza finančnej integrácie. Beta-konvergencia. Sigma-konvergencia.

Gespeichert in:
Bibliographische Detailangaben
1. Verfasser: Komárková, Zlatuše
Weitere Verfasser: Komárek, Luboš
Format: Buchkapitel
Sprache:Tschechisch
Schlagworte:
Tags: Tag hinzufügen
Keine Tags, Fügen Sie das erste Tag hinzu!

MARC

LEADER 00000naa$a2200000$$$4500
001 0059173
005 20231019131138.9
041 0 |a cze 
044 |a CZ 
245 1 0 |a Integrace devizových trhů vybraných nových členských zemí Evropské unie  |c Zlatuše Komárková, Luboš Komárek 
520 |a Obsahové vymedzenie devízového trhu (foreign exchange market). Identifikácia oblastí možných rizík ohrazujúcich stabilitu finančného sektora. Vývoj menových kurzov. Analýza finančnej integrácie. Beta-konvergencia. Sigma-konvergencia. 
610 2 0 |a integrácia ekonomická medzinárodná 
610 2 0 |a Európska únia 
610 2 0 |a krajiny tranzitívne 
610 2 0 |a trh devízový 
610 2 0 |a politika menová 
610 2 0 |a riziko 
610 2 0 |a konvergencia 
100 1 |a Komárková, Zlatuše 
700 1 |a Komárek, Luboš